[Event "CN Seniori 2012"]
[Site "Sarata Monteoru/Romania"]
[Date "2012.02.17"]
[Round "6.40"]
[White "Anuta, Elefterie-Laurentiu"]
[Black "Iordachescu, Sorin-Emanuel"]
[Result "1-0"]
[WhiteElo "2017"]
[BlackElo "1876"]
[PlyCount "93"]
[EventDate "2012.??.??"]

1. e4 d6 2. d4 Nf6 3. Nc3 g6 4. Be2 Bg7 5. Be3 O-O 6. g4 Nbd7 7. g5 Ne8 8. h4
Nb6 9. f4 f5 10. e5 d5 11. h5 Kf7 12. b3 e6 13. a4 a5 14. Bc1 Rg8 15. Ba3 Bf8
16. Bxf8 Kxf8 17. Qd3 Qe7 18. hxg6 hxg6 19. Rh6 Nd7 20. Kf2 b6 21. Qh3 Ba6 22.
Rh7 Rg7 23. Rh8+ Rg8 24. Bf3 c6 25. Nge2 Ng7 26. Rh1 Kf7 27. Rh7 Nf8 28. Rh6
Bxe2 29. Nxe2 c5 30. Nc3 cxd4 31. Nb5 Qc5 32. Nd6+ Ke7 33. Rh8 d3+ 34. Kg2
Qxc2+ 35. Kg3 Nh5+ 36. Rxh5 gxh5 37. Qxh5 Rg6 38. Qh8 Qd2 39. Rh7+ Nxh7 40.
Qxh7+ Kd8 41. Qxg6 Qe1+ 42. Kg2 Rb8 43. Qxe6 Qd2+ 44. Kh3 Qxf4 45. Qxd5 d2 46.
Nxf5+ Kc7 47. Qd6+ 1-0

[Event "CN Seniori 2012"]
[Site "Sarata Monteoru/Romania"]
[Date "2012.02.17"]
[Round "6.41"]
[White "Carapit, Vasile"]
[Black "Jugaru, Lucian"]
[Result "1/2-1/2"]
[WhiteElo "1849"]
[BlackElo "2013"]
[PlyCount "20"]
[EventDate "2012.??.??"]

1. e4 c5 2. Nf3 d6 3. Bc4 Nf6 4. c3 a6 5. d3 b5 6. Bb3 Bb7 7. O-O Nbd7 8. Re1
e6 9. h3 Be7 10. Bf4 O-O 1/2-1/2

[Event "CN Seniori 2012"]
[Site "Sarata Monteoru/Romania"]
[Date "2012.02.17"]
[Round "6.42"]
[White "Tiron, Lucian-Ilie"]
[Black "Gheorghiu, Calin"]
[Result "1-0"]
[WhiteElo "1846"]
[BlackElo "2003"]
[PlyCount "105"]
[EventDate "2012.??.??"]

1. e4 e6 2. d4 d5 3. exd5 exd5 4. Bd3 Nc6 5. Ne2 Bd6 6. Nbc3 Nge7 7. Nb5 Bf5 8.
c3 a6 9. Nxd6+ Qxd6 10. Bf4 Qd7 11. Qc2 O-O-O 12. O-O-O Rde8 13. h4 h5 14. Ng3
Bxd3 15. Qxd3 Qg4 16. Be3 Nd8 17. Rde1 Ne6 18. Qd1 Qg6 19. Qf3 f6 20. Bd2 Qf7
21. Re2 g6 22. Rhe1 Ng7 23. Kd1 Nef5 24. Nxf5 Nxf5 25. g3 Nd6 26. Rxe8+ Rxe8
27. Rxe8+ Nxe8 28. Bf4 Qe6 29. Qd3 Qf7 30. Qe3 Ng7 31. f3 Qd7 32. b3 Qe6 33.
Qxe6+ Nxe6 34. Be3 Kd7 35. Ke2 Ke7 36. c4 c6 37. Kd3 g5 38. a4 gxh4 39. gxh4
Nf8 40. Bf4 Ke6 41. Ke3 Ng6 42. Bg3 Ne7 43. Kf4 dxc4 44. bxc4 Kd7 45. Ke4 Ke6
46. Kf4 Ng6+ 47. Ke3 Ne7 48. Kf4 b5 49. axb5 axb5 50. d5+ cxd5 51. cxb5 Nf5 52.
b6 Nxg3 53. b7 1-0

[Event "CN Seniori 2012"]
[Site "Sarata Monteoru/Romania"]
[Date "2012.02.17"]
[Round "6.43"]
[White "Patrascu, Catalin-Lucian"]
[Black "Fulger, Ionut"]
[Result "1-0"]
[WhiteElo "1816"]
[BlackElo "1946"]
[PlyCount "117"]
[EventDate "2012.??.??"]

1. e4 c6 2. d4 d5 3. exd5 cxd5 4. Bd3 Nf6 5. c3 e6 6. Bf4 Be7 7. Nf3 O-O 8. O-O
Nbd7 9. Nbd2 b6 10. Qc2 a5 11. Ne5 Bb7 12. Ndf3 Qc8 13. Nxd7 Qxd7 14. Ne5 Qc8
15. Rfe1 Ba6 16. Re3 Bxd3 17. Rxd3 Ne4 18. Rh3 g6 19. Bh6 Re8 20. Qc1 Bd6 21.
f3 Nf6 22. Qf4 Bxe5 23. dxe5 Nd7 24. Qh4 Qc4 25. g4 b5 26. Be3 h5 27. Qg5 Qc7
28. Bf4 Qc5+ 29. Kh1 Qe7 30. Qxe7 Rxe7 31. gxh5 Nc5 32. hxg6 fxg6 33. Rg1 Rg7
34. Bh6 Rh7 35. Rxg6+ Kf7 36. Rf6+ Kg8 37. Rg3+ Kh8 38. Rfg6 Nd3 39. Bg7+ Kg8
40. Bf8+ Kf7 41. Rf6+ Ke8 42. Bd6 Kd7 43. Rg2 Rc8 44. Rfg6 Kc6 45. Rd2 Nf4 46.
Rf6 Rh4 47. Rd4 Nh5 48. Rxe6 Rh3 49. Kg2 Ng7 50. Rg6 Rch8 51. Ba3+ Kb7 52.
Rxg7+ Kc8 53. Rxd5 Rxh2+ 54. Kg3 R8h3+ 55. Kf4 Rh4+ 56. Rg4 Rh8 57. Rxb5 R8h3
58. Rxa5 Rh7 59. e6 1-0

[Event "CN Seniori 2012"]
[Site "Sarata Monteoru/Romania"]
[Date "2012.02.17"]
[Round "6.44"]
[White "Olinici, Emanuel"]
[Black "Neagu, Mihai-Cosmin"]
[Result "0-1"]
[WhiteElo "1794"]
[BlackElo "1918"]
[PlyCount "58"]
[EventDate "2012.??.??"]

1. d4 Nf6 2. Nf3 e6 3. g3 c5 4. Bg2 cxd4 5. Nxd4 a6 6. O-O Be7 7. c4 Qc7 8. b3
d6 9. Ba3 Bd7 10. Nc3 Nc6 11. e4 O-O 12. Re1 Rfd8 13. Rc1 Qb6 14. Nxc6 Bxc6 15.
Qe2 Qa5 16. Qb2 Ng4 17. h3 Ne5 18. b4 Qb6 19. Qe2 Bf6 20. Red1 Rac8 21. b5 Be8
22. Nb1 axb5 23. c5 dxc5 24. Qh5 c4 25. Bb4 Nd3 26. Rc3 Qxf2+ 27. Kh1 Nxb4 28.
Rxd8 Rxd8 29. Rf3 Rd1+ 0-1

[Event "CN Seniori 2012"]
[Site "Sarata Monteoru/Romania"]
[Date "2012.02.17"]
[Round "6.46"]
[White "David, Dorian-Ciprian"]
[Black "Scripcaru, George-Daniel"]
[Result "0-1"]
[WhiteElo "1726"]
[BlackElo "1907"]
[PlyCount "80"]
[EventDate "2012.??.??"]

1. b4 e5 2. a3 f5 3. Bb2 d6 4. e3 Nf6 5. c4 Be7 6. Nc3 O-O 7. Nf3 c6 8. d3 Nbd7
9. Qb3 h6 10. Nh4 f4 11. e4 Kh7 12. Nf5 g6 13. Nxe7 Qxe7 14. Be2 Rg8 15. Bf3
Nf8 16. Ne2 g5 17. h3 Ng6 18. g3 fxg3 19. fxg3 Be6 20. O-O-O b5 21. Qc3 Rgc8
22. c5 dxc5 23. Qxc5 Qf7 24. Qe3 a5 25. d4 axb4 26. axb4 Nd7 27. Rdf1 Nb6 28.
Bh5 Qg7 29. dxe5 Nc4 30. Bxg6+ Qxg6 31. Qf3 Nxb2 32. Kxb2 Ra2+ 33. Kb1 Rca8 34.
Nc3 R2a3 35. Kc2 Bb3+ 36. Kd2 Rd8+ 37. Ke1 Bc4 38. Qf6 Ra1+ 39. Kf2 Rd2+ 40.
Kg1 Rxf1+ 0-1

[Event "CN Seniori 2012"]
[Site "Sarata Monteoru/Romania"]
[Date "2012.02.17"]
[Round "6.47"]
[White "Ionita, Ioan"]
[Black "Motounu, Vlad-Stefan"]
[Result "0-1"]
[WhiteElo "1720"]
[BlackElo "1888"]
[PlyCount "182"]
[EventDate "2012.??.??"]

1. e4 e6 2. d4 d5 3. Nd2 c5 4. exd5 exd5 5. Ngf3 Nc6 6. Bb5 Bd6 7. dxc5 Bxc5 8.
Nb3 Bb6 9. O-O Nge7 10. Re1 O-O 11. Be3 Bxe3 12. Rxe3 Nf5 13. Re1 a6 14. Bd3
Nh4 15. Nxh4 Qxh4 16. c3 Kh8 17. Be2 Qg5 18. Bf3 Be6 19. Nd4 Ne5 20. Be2 Ng6
21. Nf3 Qe7 22. Qd4 Rac8 23. Ne5 Nh4 24. Nf3 Nf5 25. Qd2 Qc5 26. Rad1 Nd6 27.
Qd4 Qa5 28. a3 Nc4 29. Rb1 Rfe8 30. Bd3 Qc7 31. Ng5 h6 32. Nxe6 Rxe6 33. Rxe6
fxe6 34. Bxc4 Qxc4 35. Qxc4 Rxc4 36. Re1 Rc6 37. h4 Kg8 38. f3 Kf7 39. Kf2 b5
40. f4 Kf6 41. Kf3 a5 42. g4 Rc4 43. h5 b4 44. axb4 axb4 45. Re3 bxc3 46. bxc3
Ra4 47. Kg3 Ra1 48. Kf3 Ra3 49. Kf2 Rb3 50. Kf3 Rb6 51. Re5 Rb1 52. Re3 Rg1 53.
Re2 Rh1 54. Kg3 Rf1 55. Re3 Kf7 56. Re2 Rd1 57. Re3 Rb1 58. Kf3 Rb3 59. Kf2 Rb8
60. Kf3 Rf8 61. Re5 Kf6 62. Ke3 Rc8 63. Kf3 Rxc3+ 64. Kf2 Rc6 65. Ke3 Ra6 66.
Kd4 Ra3 67. g5+ hxg5 68. fxg5+ Kf7 69. g6+ Kf6 70. Re1 Rf3 71. Rg1 Rh3 72. Rf1+
Kg5 73. Re1 Rh4+ 74. Kc5 Re4 75. Rh1 Kh6 76. Kd6 d4 77. Rh3 Re3 78. Rh1 d3 79.
Ke7 d2 80. Rd1 Re2 81. Kf7 e5 82. Ke6 e4 83. Ke5 e3 84. Ke4 Re1 85. Rxe1 dxe1=Q
86. Kf3 Kxh5 87. Kg2 Kxg6 88. Kf3 Qf2+ 89. Kg4 e2 90. Kh3 e1=B 91. Kg4 Qg3# 0-1

[Event "CN Seniori 2012"]
[Site "Sarata Monteoru/Romania"]
[Date "2012.02.17"]
[Round "6.48"]
[White "Morea, Georgiana-Steluta"]
[Black "Vacar, Gligore"]
[Result "1-0"]
[WhiteElo "1882"]
[BlackElo "1788"]
[PlyCount "70"]
[EventDate "2012.??.??"]

1. d4 d5 2. c4 c6 3. Nc3 e6 4. e4 dxe4 5. Nxe4 Bb4+ 6. Nc3 Nf6 7. Nf3 Ne4 8.
Bd2 Nxd2 9. Qxd2 Nd7 10. Rd1 Nf6 11. Bd3 b6 12. O-O O-O 13. Qc2 Bxc3 14. Qxc3
Bb7 15. Ne5 Qe8 16. Bb1 Rd8 17. Qh3 g6 18. Rd3 Nh5 19. Qe3 f6 20. Nf3 Ng7 21.
Re1 Rd7 22. b4 Re7 23. Ra3 Ba8 24. c5 Qd8 25. Nd2 Kh8 26. Nc4 bxc5 27. dxc5 Ne8
28. Rd3 Qb8 29. a3 Nc7 30. Rd6 Rfe8 31. Qh6 f5 32. Ne5 Rg7 33. Rd7 Rxd7 34.
Nxd7 Qc8 35. Ne5 Re7 1-0

[Event "CN Seniori 2012"]
[Site "Sarata Monteoru/Romania"]
[Date "2012.02.17"]
[Round "6.50"]
[White "Rusa, Antonio"]
[Black "Andrei, Gheorghe"]
[Result "1-0"]
[WhiteElo "1902"]
[BlackElo "1777"]
[PlyCount "77"]
[EventDate "2012.??.??"]

1. d4 f5 2. c4 c6 3. Nf3 e6 4. e3 d5 5. Ne5 Nf6 6. Nc3 Bd6 7. cxd5 exd5 8. Bd3
Qe7 9. f4 a5 10. Na4 Nbd7 11. Bxf5 O-O 12. Bd3 c5 13. O-O c4 14. Bc2 Ra6 15. b3
b5 16. bxc4 bxa4 17. c5 Nxc5 18. dxc5 Bxc5 19. Bxa4 Rd6 20. Qc2 Ne4 21. Bb3 Be6
22. Nd3 Rc8 23. Nxc5 Nxc5 24. Ba3 Rdc6 25. Qd1 Qd7 26. Bxc5 Rxc5 27. e4 Bf7 28.
Qd4 Qc6 29. e5 Bg6 30. f5 Be8 31. Rac1 Qb6 32. Bxd5+ Kh8 33. f6 h6 34. fxg7+
Kxg7 35. e6+ Kh7 36. Be4+ Kg8 37. e7 Bf7 38. Rxc5 Rxc5 39. Qd8+ 1-0

[Event "CN Seniori 2012"]
[Site "Sarata Monteoru/Romania"]
[Date "2012.02.17"]
[Round "6.51"]
[White "Vrencian, Lehel"]
[Black "Baciu, Alexandru"]
[Result "1-0"]
[WhiteElo "1874"]
[BlackElo "1688"]
[PlyCount "57"]
[EventDate "2012.??.??"]

1. e4 c5 2. Nf3 e6 3. d4 cxd4 4. Nxd4 a6 5. Bd3 Qc7 6. O-O Nf6 7. Kh1 Be7 8. f4
d6 9. Qe2 b5 10. e5 Nfd7 11. exd6 Bxd6 12. Nc3 Bb7 13. Ne4 Be7 14. Ng5 Nf8 15.
f5 e5 16. Ndf3 f6 17. Ne4 Nbd7 18. a4 bxa4 19. Nh4 Kd8 20. Rxa4 Nc5 21. Nxc5
Bxc5 22. Bd2 Bb6 23. Rd1 a5 24. Bc4 Ke7 25. Qh5 Bd4 26. c3 Bf2 27. Qf7+ Kd8 28.
Be3+ Kc8 29. Be6+ 1-0

[Event "CN Seniori 2012"]
[Site "Sarata Monteoru/Romania"]
[Date "2012.02.17"]
[Round "6.52"]
[White "Mihalea, Stefan"]
[Black "Moldoveanu, Paul"]
[Result "0-1"]
[WhiteElo "1723"]
[BlackElo "1859"]
[PlyCount "119"]
[EventDate "2012.??.??"]

1. e4 e5 2. Bc4 Nf6 3. Nf3 Nc6 4. d4 d6 5. dxe5 dxe5 6. Qxd8+ Nxd8 7. Nc3 Bd6
8. Bg5 O-O 9. Bxf6 gxf6 10. Nh4 Bb4 11. O-O Bxc3 12. bxc3 Be6 13. Bd3 c5 14. c4
Nc6 15. a3 Rad8 16. f4 Na5 17. f5 Bxc4 18. Rf3 Kh8 19. g4 Rg8 20. Rg3 Rd6 21.
Rb1 b6 22. h3 h6 23. Kf2 Rgd8 24. Ke2 Bxd3+ 25. cxd3 c4 26. dxc4 Rd2+ 27. Ke1
Nxc4 28. Nf3 Ra2 29. Rc1 b5 30. Rc3 Rxa3 31. Rxa3 Nxa3 32. Nxe5 Nc2+ 33. Ke2
fxe5 34. g5 hxg5 35. Rxg5 Rd4 36. f6 Rd6 37. Rh5+ Kg8 38. Rg5+ Kf8 39. Rxe5
Rxf6 40. Rc5 Na3 41. h4 Rb6 42. h5 Kg7 43. Kd2 a5 44. Kc1 a4 45. Kb2 Nc4+ 46.
Ka2 Nd2 47. e5 b4 48. Kb2 a3+ 49. Kc2 b3+ 50. Kxd2 b2 51. e6 Rxe6 52. Rg5+ Kh6
53. Kc2 Kxg5 54. h6 Kxh6 55. Kb1 f5 56. Ka2 f4 57. Kb1 f3 58. Ka2 f2 59. Kxa3
b1=Q 60. Ka4 0-1

[Event "CN Seniori 2012"]
[Site "Sarata Monteoru/Romania"]
[Date "2012.02.17"]
[Round "6.54"]
[White "Badelita, Beniamin"]
[Black "Chivulescu, Adrian-Alexandru"]
[Result "1-0"]
[WhiteElo "1945"]
[BlackElo "1545"]
[PlyCount "61"]
[EventDate "2012.??.??"]

1. c4 e6 2. Nc3 d5 3. cxd5 exd5 4. e3 c5 5. Nf3 Nc6 6. d4 cxd4 7. Nxd4 Nf6 8.
Be2 a6 9. a3 Bd6 10. b4 O-O 11. Bb2 Re8 12. O-O Bc7 13. Bf3 Qd6 14. g3 Bh3 15.
Re1 Ne5 16. Bh1 Nc4 17. Bc1 Rac8 18. Qb3 Bb6 19. Nde2 Qe5 20. Nf4 Be6 21. Ra2
Nxe3 22. Na4 Rxc1 23. Rxc1 Nc4 24. Nxb6 Nxb6 25. Nxe6 Qxe6 26. Bf3 Nc4 27. Re2
Qd7 28. Rxe8+ Nxe8 29. Bxd5 Qxd5 30. Qxc4 Qf3 31. Re1 1-0

[Event "CN Seniori 2012"]
[Site "Sarata Monteoru/Romania"]
[Date "2012.02.17"]
[Round "6.55"]
[White "Puscas, Filip-Andrei"]
[Black "Ciortan, Mihail"]
[Result "0-1"]
[WhiteElo "1420"]
[BlackElo "1721"]
[PlyCount "46"]
[EventDate "2012.??.??"]

1. e4 d6 2. d4 Nf6 3. Bd3 e5 4. c3 Be7 5. Nf3 Nbd7 6. Bg5 c6 7. Nbd2 Qc7 8. O-O
Nf8 9. dxe5 dxe5 10. Nc4 Ng6 11. Ne3 Bg4 12. Nxg4 Nxg4 13. h3 Bxg5 14. Nxg5 Nf6
15. Bc4 O-O 16. Re1 h6 17. Nf3 Rfd8 18. Qb3 Rd7 19. Nh2 b5 20. Be2 Nxe4 21. Bd3
Nc5 22. Qc2 Nxd3 23. Re3 Rad8 0-1

[Event "CN Seniori 2012"]
[Site "Sarata Monteoru/Romania"]
[Date "2012.02.17"]
[Round "6.56"]
[White "Nistor, Stefan"]
[Black "Balea, Dumitru-Lucian"]
[Result "1/2-1/2"]
[WhiteElo "1707"]
[BlackElo "1490"]
[PlyCount "122"]
[EventDate "2012.??.??"]

1. d4 d5 2. c4 c6 3. cxd5 cxd5 4. Nc3 Nf6 5. Bg5 e6 6. Nf3 Be7 7. e3 a6 8. Bd3
h6 9. Bh4 Bd7 10. a4 a5 11. Ne5 Nc6 12. Nxd7 Nxd7 13. Bg3 Bb4 14. O-O Na7 15.
Na2 Be7 16. Rc1 Rc8 17. Qd2 Rxc1 18. Rxc1 Nc6 19. Bb5 Qb6 20. Qc2 O-O 21. h3
Rc8 22. Qd1 Nf6 23. Qe2 Ne4 24. Bf4 Nd6 25. Bd3 Ne4 26. Rc2 Bd6 27. Bxd6 Nxd6
28. Rc5 Ne7 29. Qc2 Qd8 30. Rc3 Rxc3 31. Nxc3 Qc8 32. Qb3 Qc7 33. Nb5 Nxb5 34.
Qxb5 Nc6 35. Qc5 Qd8 36. Bb5 Ne7 37. Qc3 b6 38. Kf1 Qc8 39. Qxc8+ Nxc8 40. Ke2
Nd6 41. Bd3 Kf8 42. Kd2 Ke7 43. Kc3 Kd7 44. b4 h5 45. f3 h4 46. e4 f5 47. e5
Nf7 48. b5 Nh8 49. Kd2 Ng6 50. Ke3 Ke7 51. f4 Kf7 52. Be2 Ne7 53. Kf2 Kg6 54.
Ke3 Kh6 55. Bf3 g5 56. Be2 Ng6 57. fxg5+ Kxg5 58. Bf3 Nf4 59. Kd2 Nh5 60. Ke3
Ng7 61. Be2 Ne8 1/2-1/2

[Event "CN Seniori 2012"]
[Site "Sarata Monteoru/Romania"]
[Date "2012.02.18"]
[Round "7.1"]
[White "Nevednichy, Vladislav"]
[Black "Szabo, Szabo Gergely-Andra"]
[Result "1-0"]
[WhiteElo "2546"]
[BlackElo "2554"]
[PlyCount "81"]
[EventDate "2012.??.??"]
[TimeControl "5400"]

1. e4 e5 2. Nf3 Nf6 3. d4 Nxe4 4. Bd3 d5 5. dxe5 Be7 6. O-O Nc5 7. Be2 Ne6 8.
c3 c5 9. c4 d4 10. Ne1 Nc6 11. Nd3 Nc7 12. f4 Bf5 13. g4 Bxd3 14. Bxd3 g5 15.
Qe2 gxf4 16. Bxf4 Ne6 17. Bg3 Bg5 18. Nd2 Bxd2 19. Qxd2 h5 20. gxh5 Rxh5 21.
Rf6 Nxe5 22. Raf1 Qe7 23. Be4 Rg5 24. Bd5 Rxg3+ 25. hxg3 O-O-O 26. Qe2 Ng5 27.
Kg2 Qc7 28. R6f5 f6 29. Rxf6 Nh7 30. Re6 Nd7 31. Re7 Nhf8 32. Rff7 Qd6 33. Bf3
Qg6 34. Be4 Qd6 35. Qf3 Kb8 36. Qb3 b6 37. Qf3 Kc7 38. Bf5 Qh6 39. g4 Qd2+ 40.
Kg3 Qxb2 41. Rxf8 1-0

[Event "CN Seniori 2012"]
[Site "Sarata Monteoru/Romania"]
[Date "2012.02.18"]
[Round "7.2"]
[White "Berescu, Alin-Mile"]
[Black "Manolache, Marius"]
[Result "1/2-1/2"]
[WhiteElo "2488"]
[BlackElo "2552"]
[PlyCount "83"]
[EventDate "2012.??.??"]
[TimeControl "5400"]

1. e4 c5 2. Nf3 e6 3. d4 cxd4 4. Nxd4 a6 5. Bd3 Bc5 6. Nb3 Be7 7. Qg4 g6 8. Qe2
d6 9. a4 Nc6 10. Nc3 Bd7 11. a5 Ne5 12. Na4 Bxa4 13. Rxa4 Qd7 14. Ra1 Nf6 15.
O-O O-O 16. Bd2 Rac8 17. Bc3 Nxd3 18. cxd3 e5 19. Nd2 Nh5 20. Nc4 Nf4 21. Qf3
Qb5 22. Nb6 Rc6 23. Rfd1 Bd8 24. g3 Nh3+ 25. Kg2 Ng5 26. Qe3 f5 27. f4 exf4 28.
gxf4 Bxb6 29. axb6 Ne6 30. Rf1 Qxb6 31. Qe1 Qb3 32. Kh1 fxe4 33. f5 Rxf5 34.
Rxf5 gxf5 35. Qg3+ Kf7 36. Rg1 Rc8 37. dxe4 Qc2 38. exf5 Qe4+ 39. Qg2 Nc5 40.
Qxe4 Nxe4 41. Rg7+ Kf8 42. Rxh7 1/2-1/2

[Event "CN Seniori 2012"]
[Site "Sarata Monteoru/Romania"]
[Date "2012.02.18"]
[Round "7.3"]
[White "Manea, Alexandru"]
[Black "Lupulescu, Constantin"]
[Result "0-1"]
[WhiteElo "2429"]
[BlackElo "2648"]
[PlyCount "126"]
[EventDate "2012.??.??"]

1. c4 Nf6 2. Nc3 e6 3. Nf3 d5 4. d4 Bb4 5. cxd5 exd5 6. Bg5 Nbd7 7. Qc2 c5 8.
g3 Qa5 9. Bd2 O-O 10. Bg2 Ne4 11. O-O Nxd2 12. Nxd2 Bxc3 13. Qxc3 Qxc3 14. bxc3
cxd4 15. cxd4 Nf6 16. Rfc1 Bf5 17. Rc7 b6 18. Rac1 Rfc8 19. Nf1 Be6 20. Ne3
Rxc7 21. Rxc7 Ne8 22. Rc1 Rd8 23. f4 f6 24. f5 Bf7 25. a4 Kf8 26. a5 Ke7 27.
Rb1 Rd6 28. axb6 axb6 29. Kf2 Nc7 30. Ke1 b5 31. Kd2 Ra6 32. Nc2 Kd6 33. Kc3
Be8 34. g4 Bd7 35. Kb3 Ra8 36. Bf3 Rh8 37. Rg1 g6 38. e4 dxe4 39. Bxe4 Re8 40.
Bd3 gxf5 41. gxf5 Nd5 42. Ra1 Nc7 43. Rg1 Bc6 44. Rg3 Nd5 45. Na3 Nc7 46. Nc2
Bd5+ 47. Kc3 Be4 48. Bxe4 Rxe4 49. Rh3 Nd5+ 50. Kb3 Re7 51. Kb2 Rf7 52. Kb3 Kc6
53. Rh4 Kb6 54. Rg4 Rc7 55. Rg3 Ka5 56. Kb2 b4 57. Ne3 Nb6 58. Rg8 Rc3 59. Nc2
Rf3 60. Rg7 Nc4+ 61. Kb1 b3 62. Ne1 Rf1 63. Re7 Kb4 0-1

[Event "CN Seniori 2012"]
[Site "Sarata Monteoru/Romania"]
[Date "2012.02.18"]
[Round "7.4"]
[White "Petrisor, Adrian-Marian"]
[Black "Vajda, Levente"]
[Result "0-1"]
[WhiteElo "2385"]
[BlackElo "2594"]
[PlyCount "102"]
[EventDate "2012.??.??"]
[TimeControl "5400"]

1. d4 Nf6 2. c4 g6 3. Nc3 Bg7 4. e4 d6 5. Nf3 O-O 6. h3 Nbd7 7. Bg5 e5 8. d5 a5
9. g4 Nc5 10. Nd2 c6 11. Be2 cxd5 12. cxd5 Bd7 13. h4 Rc8 14. h5 h6 15. Be3
gxh5 16. gxh5 Kh8 17. f3 Ng8 18. Nc4 Be8 19. Bf2 b5 20. Ne3 b4 21. Nb5 f5 22.
Nxf5 Rxf5 23. exf5 Qb6 24. a4 bxa3 25. Nxa3 Qb4+ 26. Kf1 Nb3 27. Be1 Qb8 28.
Rb1 Ne7 29. Nc4 Nd4 30. Ne3 Bb5 31. Bxb5 Qxb5+ 32. Kg2 Nexf5 33. Nxf5 Nxf5 34.
Bf2 Bf6 35. Rh3 Bg5 36. Kh1 Bf4 37. Qe1 Qxd5 38. Qe4 Qe6 39. Rg1 d5 40. Qd3 Bg5
41. Rh2 e4 42. fxe4 dxe4 43. Qe2 a4 44. Rhg2 Kh7 45. Rg4 Re8 46. Re1 e3 47. Bg1
Qf7 48. Rg2 Nh4 49. Qd3+ Kg8 50. Rf1 Qe6 51. Rh2 Qc6+ 0-1

[Event "CN Seniori 2012"]
[Site "Sarata Monteoru/Romania"]
[Date "2012.02.18"]
[Round "7.5"]
[White "Gilea, Lucian"]
[Black "Miron, Lucian-Costin"]
[Result "1/2-1/2"]
[WhiteElo "2261"]
[BlackElo "2525"]
[PlyCount "48"]
[EventDate "2012.??.??"]
[TimeControl "5400"]

1. d4 d5 2. c4 e6 3. Nf3 Nf6 4. Nc3 c6 5. e3 Nbd7 6. Bd3 dxc4 7. Bxc4 b5 8. Bb3
b4 9. Ne2 Ba6 10. O-O c5 11. Ba4 cxd4 12. Nfxd4 Bc5 13. Nc6 Qc7 14. a3 bxa3 15.
b4 Bxe2 16. Qxe2 Bd6 17. Bxa3 Nb6 18. Bb5 O-O 19. Rac1 Bxh2+ 20. Kh1 Bd6 21.
Na5 Qe7 22. Nc6 Qc7 23. Na5 Qe7 24. Nc6 Qc7 1/2-1/2

[Event "CN Seniori 2012"]
[Site "Sarata Monteoru/Romania"]
[Date "2012.02.18"]
[Round "7.6"]
[White "Jianu, Vlad"]
[Black "Baratosi, Daniel"]
[Result "1-0"]
[WhiteElo "2508"]
[BlackElo "2418"]
[PlyCount "163"]
[EventDate "2012.??.??"]
[TimeControl "5400"]

1. c4 Nf6 2. Nf3 e6 3. g3 d5 4. b3 Be7 5. Bg2 O-O 6. O-O b6 7. Bb2 Bb7 8. e3
Nbd7 9. Nc3 c5 10. Qe2 Rc8 11. Rac1 dxc4 12. bxc4 Qc7 13. Rfd1 Rfd8 14. a4 Qb8
15. d3 Ne8 16. h4 h6 17. a5 Nc7 18. axb6 axb6 19. d4 cxd4 20. exd4 Bb4 21. Ne4
Ne8 22. Ne1 Ba6 23. d5 exd5 24. Rxd5 Nc5 25. Be5 Qa7 26. Nxc5 bxc5 27. Nd3 Qe7
28. Qb2 Bb7 29. Rxd8 Rxd8 30. Bxb7 Rxd3 31. Qb1 Rd8 32. Qe4 Nd6 33. Bxd6 Qxe4
34. Bxe4 Rxd6 35. Ra1 g5 36. h5 Rd7 37. Ra8+ Kg7 38. Rc8 Re7 39. Bf3 Re1+ 40.
Kg2 Re7 41. Bd5 Ba3 42. f3 Bb4 43. Kh3 Rd7 44. Rc6 Re7 45. Kg4 Ra7 46. f4 gxf4
47. gxf4 Re7 48. f5 f6 49. Be6 Ra7 50. Kf4 Ra1 51. Rc7+ Kh8 52. Ke4 Rd1 53.
Rc8+ Kg7 54. Rc7+ Kh8 55. Bf7 Rd4+ 56. Kf3 Rd3+ 57. Ke2 Rd4 58. Be6 Rh4 59. Kd3
Rd4+ 60. Kc2 Rh4 61. Rf7 Rh2+ 62. Kb3 Rh3+ 63. Ka4 Bc3 64. Rf8+ Kg7 65. Rf7+
Kh8 66. Rc7 Bd4 67. Bf7 Rh2 68. Kb5 Rb2+ 69. Kc6 Rb8 70. Kd7 Kg7 71. Bd5 Rf8
72. Rb7 Kh8 73. Ke7 Kg7 74. Be6 Be5 75. Ra7 Bd4 76. Ra2 Rb8 77. Bd5 Rc8 78. Ra7
Rf8 79. Be6 Rb8 80. Bd7 Rf8 81. Be8 Kg8 82. Ra2 1-0

[Event "CN Seniori 2012"]
[Site "Sarata Monteoru/Romania"]
[Date "2012.02.18"]
[Round "7.9"]
[White "Florescu, Codrut-Constantin"]
[Black "Parligras, Mircea-Emilian"]
[Result "0-1"]
[WhiteElo "2282"]
[BlackElo "2650"]
[PlyCount "58"]
[EventDate "2012.??.??"]
[TimeControl "5400"]

1. d4 Nf6 2. c4 e6 3. Nf3 d5 4. Nc3 dxc4 5. e3 a6 6. Bxc4 b5 7. Bb3 Bb7 8. O-O
c5 9. Qe2 Nbd7 10. Rd1 Qb8 11. d5 c4 12. dxe6 fxe6 13. Bc2 Bd6 14. Ng5 O-O 15.
f4 Nc5 16. b4 cxb3 17. axb3 h6 18. b4 hxg5 19. bxc5 Bxc5 20. fxg5 Qe5 21. gxf6
Rxf6 22. Rd4 Raf8 23. Rh4 Rf1+ 24. Qxf1 Rxf1+ 25. Kxf1 Qf6+ 26. Rf4 Qxc3 27.
Ra2 Bxe3 28. Bxe3 Qxe3 29. g3 Bd5 0-1

[Event "CN Seniori 2012"]
[Site "Sarata Monteoru/Romania"]
[Date "2012.02.18"]
[Round "7.10"]
[White "Varlan, Hervig-Ioan"]
[Black "Filip, Lucian"]
[Result "0-1"]
[WhiteElo "2184"]
[BlackElo "2490"]
[PlyCount "80"]
[EventDate "2012.??.??"]

1. d4 Nf6 2. Nf3 e6 3. c4 c5 4. d5 d6 5. Nc3 exd5 6. cxd5 g6 7. e4 Bg7 8. Bd3
a6 9. a4 Bg4 10. h3 Bxf3 11. Qxf3 Nbd7 12. Qd1 O-O 13. O-O Ne8 14. Re1 Nc7 15.
Qc2 Rb8 16. a5 b5 17. axb6 Rxb6 18. Bd2 Qb8 19. Ra2 Nb5 20. Bxb5 axb5 21. Nd1
Rc8 22. Be3 Qb7 23. f4 Ra6 24. Rxa6 Qxa6 25. Bf2 b4 26. Bg3 Nb6 27. Kh2 c4 28.
Qe2 Qa5 29. f5 Qc5 30. fxg6 hxg6 31. Bf2 Qc7 32. Be3 Na4 33. Rf1 Qe7 34. Bc1 b3
35. Qf3 Nc5 36. Qg4 Re8 37. Ne3 Qxe4 38. Nxc4 Qxg4 39. hxg4 Nd3 40. Bf4 Re4 0-1

[Event "CN Seniori 2012"]
[Site "Sarata Monteoru/Romania"]
[Date "2012.02.18"]
[Round "7.11"]
[White "Dumitrascu, Cornel"]
[Black "Anton, Teodor"]
[Result "0-1"]
[WhiteElo "2086"]
[BlackElo "2393"]
[PlyCount "92"]
[EventDate "2012.??.??"]
[TimeControl "5400"]

1. d4 Nf6 2. c4 e6 3. Nc3 Bb4 4. f3 O-O 5. e4 d5 6. e5 Nfd7 7. a3 Bxc3+ 8. bxc3
dxc4 9. Bxc4 Nxe5 10. Be2 Ng6 11. Nh3 Nd7 12. O-O b6 13. f4 Bb7 14. Bf3 Bxf3
15. Qxf3 Nf6 16. a4 Qd5 17. Bd2 Ne4 18. Be1 f5 19. Nf2 Nxf2 20. Rxf2 Qxf3 21.
Rxf3 Kf7 22. g3 Rfd8 23. Bf2 Ne7 24. Re3 Nd5 25. Rd3 Nf6 26. Rad1 c6 27. c4 Rd7
28. Kf1 Rad8 29. Ke2 Ne4 30. Bg1 c5 31. a5 bxa5 32. Ra1 cxd4 33. Rxa5 a6 34. h3
Rc8 35. Rxd4 Rxd4 36. Bxd4 Rxc4 37. Kd3 Rc6 38. g4 Nd6 39. g5 Kg6 40. Ra1 Nf7
41. Ra2 h6 42. gxh6 Kxh6 43. Rb2 g5 44. Rb7 Kg6 45. fxg5 e5 46. Bc3 e4+ 0-1

[Event "CN Seniori 2012"]
[Site "Sarata Monteoru/Romania"]
[Date "2012.02.18"]
[Round "7.12"]
[White "Miroiu, George-Catalin"]
[Black "Mosnegutu, Klauss"]
[Result "1/2-1/2"]
[WhiteElo "2342"]
[BlackElo "2246"]
[PlyCount "157"]
[EventDate "2012.??.??"]
[TimeControl "5400"]

1. d4 Nf6 2. c4 e6 3. Nc3 Bb4 4. Qc2 c5 5. dxc5 Qa5 6. Bd2 Na6 7. a3 Nxc5 8.
Rd1 Bxc3 9. Bxc3 Qa4 10. Qxa4 Nxa4 11. Be5 d5 12. cxd5 exd5 13. b3 Nb6 14. Bxf6
gxf6 15. Nf3 Be6 16. Nd4 Ke7 17. e3 Rac8 18. Bd3 a6 19. Kd2 h6 20. Rc1 Kd6 21.
Rxc8 Bxc8 22. Rc1 Bd7 23. Be2 Rc8 24. Rxc8 Nxc8 25. b4 Na7 26. Bh5 Be6 27. Kc3
Nc8 28. Be2 Ne7 29. Bd3 Bd7 30. Nb3 Nc6 31. f4 Bc8 32. Be2 Bd7 33. Bh5 Nd8 34.
Nd4 Be6 35. Bd1 Bd7 36. Be2 Kc7 37. Kd2 Nc6 38. Kc3 Kd6 39. Bd3 Nxd4 40. Kxd4
f5 41. Be2 f6 42. Bh5 Be6 43. a4 Bd7 44. a5 Be6 45. g3 Kc6 46. Bf3 Kb5 47. Kc3
Kc6 48. Bd1 Kd6 49. Kd4 Bd7 50. Bb3 Be6 51. Ba4 Bf7 52. Bd1 Be6 53. h3 Kc6 54.
Bh5 Kb5 55. Kc3 Kc6 56. Be8+ Kd6 57. Kd4 Ke7 58. Ba4 Kd6 59. Bd1 Kc6 60. Be2
Kd6 61. b5 axb5 62. Bxb5 Bc8 63. Be8 Be6 64. Ba4 Bc8 65. Bb5 Be6 66. Be2 Bd7
67. a6 bxa6 68. Bxa6 Ba4 69. Bb7 Bb3 70. Kc3 Ba2 71. Kc2 Kc5 72. Kb2 Bc4 73.
Kc3 Bf1 74. h4 Bg2 75. Ba6 Bf3 76. Bd3 Be4 77. Bxe4 dxe4 78. h5 Kb5 79. Kd4
1/2-1/2